| 000 | 00726nam a2200241 i 4500 | ||
|---|---|---|---|
| 001 | 86769 | ||
| 003 | ES-MaACL | ||
| 005 | 20260423175248.0 | ||
| 007 | t| | ||
| 008 | 041215s1969 sp ||||1| spa d | ||
| 080 | _a821.521-32"19" | ||
| 100 | 1 |
_aKawabata, Yasunari, _d1899-1972 _9243019 |
|
| 245 | 1 | 0 |
_aKioto ; _bLa danzarina de Izu / _cpor Yasunari Kawabata ; [traducción, Ana Mª de la Fuente]. |
| 250 | _a1ª ed. | ||
| 260 |
_aBarcelona : _bPlaza y Janés, _c1969. |
||
| 300 |
_a229 p. ; _c20 cm. |
||
| 490 | 1 | _aNovelistas del día | |
| 700 | 1 |
_aFuente, Ana María de la. _952831 |
|
| 740 | 3 | 2 | _aLa danzarina de Izu. |
| 830 | 1 |
_aNovelistas del día _9180813 |
|
| 852 | 4 |
_aES-MaACL _jC-35473 |
|
| 999 |
_c86769 _d86769 |
||